Jogadores com mais título Clube Atlético Mineiro - Statistics

Estatísticas Gerais
  • Esse quiz foi jogado 68 vezes
    33 desde o último reset
  • A pontuação média é 13 de 28
Estatísticas das Respostas
Total Período Int Nac Est Jogador % Correto
8 2021-presente 0 3 5 Hulk
100%
7 2011-2019 2 1 4 Leo Silva / Leonardo Silva
88%
9 1973-1985 0 1 8 Reinaldo
88%
12 2010-2014 e 2019-2023 2 4 6 Réver
88%
7 2009-2011, 2013-2015 e 2020-2021 2 1 4 Diego Tardelli
83%
9 2020-presente 0 3 6 Guilherme Arana
83%
8 2012-2021 2 1 5 Victor
79%
8 2020-presente 0 3 5 Éverson
75%
7 1980-1985, 1989-1990 e 1994-1995 0 0 7 Éder Aleixo / Éder
67%
9 2019-presente 0 3 6 Igor Rabello
67%
7 2020-2024 0 3 4 Matias Zaracho
67%
8 2008, 2020-2024 0 3 5 Mariano
63%
7 2020-2023 0 3 4 Allan
58%
7 2008, 2009-2010 e 2012-2017 2 1 4 Marcos Rocha
54%
7 2020-2024 0 3 4 Eduardo Vargas
50%
13 1976-1988 e 1991-1992 1 1 11 João Leite
50%
7 2012-2016, 2022-2024 2 1 4 Jemerson
29%
8 2021-presente 0 3 5 Rubens
25%
8 1973, 1974-1983 e 1996-1997 0 1 7 Toninho Cerezo
25%
11 1935-1954 0 1 10 Kafunga
21%
8 2020, 2021-2024 0 3 5 Matheus Mendes
21%
9 1979-1989 0 0 9 Luisinho / Luizinho
17%
7 1981-1988, 1989 e 1991-1993 1 0 6 Sérgio Araújo
13%
9 1945-1958 0 0 9 Afonso Silva
8%
8 1976-1985 0 0 8 Heleno
8%
8 1946-1956 0 0 8 Zé do Monte
8%
7 1950-1960 0 0 7 Haroldo
4%
7 1933-1946 0 1 6 Nicola
4%
Nenhum quiz correspondente encontrado
Distribuição das Pontuações
Porcentagem de Pessoas com Cada Pontuação
Percentil de Números Respondidos
Sua Pontuação Histórica
Você não jogou esse quiz desde o último reset